[Event "4th EUR-ch"]
[Site "Istanbul TUR"]
[Date "2003.05.30"]
[Round "1.97"]
[White "Morrison, Chris"]
[Black "Mchedlishvili, Mikheil"]
[Result "0-1"]
[WhiteElo "2170"]
[BlackElo "2560"]
[EventDate "2003.05.30"]
[PlyCount "80"]

1.e4 c6 2.d3 d5 3.Nd2 g6 4.Ngf3 Bg7 5.Be2 e5 6.O-O Ne7 7.b4 O-O 8.Bb2 Qc7 
9.Re1 Rd8 10.Bf1 Bg4 11.h3 Bxf3 12.Nxf3 dxe4 13.Rxe4 Nd7 14.d4 f5 15.Bc4+ 
Nd5 16.dxe5 fxe4 17.Bxd5+ cxd5 18.Qxd5+ Kh8 19.Ng5 Nxe5 20.Bxe5 Bxe5 21.
Qxe5+ Qxe5 22.Nf7+ Kg7 23.Nxe5 Rac8 24.Re1 Rxc2 25.Rxe4 Rd1+ 26.Kh2 Rxf2 
27.Rc4 Rxa2 28.Rc7+ Kf6 29.Ng4+ Ke6 30.Rxh7 Rdd2 31.Kg3 Rxg2+ 32.Kh4 b6 
33.Rg7 Rgb2 34.Rxg6+ Kd5 35.Kg5 Rxb4 36.Kf5 Ra1 37.Ne3+ Kc5 38.Kf6 Rh4 39.
Rg5+ Kc6 40.Rg3 Rh1 0-1

[Event "4th EUR-ch"]
[Site "Istanbul TUR"]
[Date "2003.05.30"]
[Round "1.98"]
[White "Romero Holmes, Alfonso"]
[Black "Akcan, Umit"]
[Result "1-0"]
[WhiteElo "2560"]
[BlackElo "2167"]
[EventDate "2003.05.30"]
[PlyCount "108"]

1.c4 e5 2.g3 Nf6 3.Bg2 Nc6 4.Nc3 Bb4 5.Nd5 Be7 6.Nxe7 Qxe7 7.d3 O-O 8.Nf3 
d6 9.O-O Nd7 10.Bd2 a5 11.b3 Nc5 12.a3 e4 13.dxe4 Nxe4 14.Be3 Bg4 15.Qc2 
Rae8 16.Nd4 Nxd4 17.Bxd4 Bf5 18.Qb2 Qg5 19.f3 Nc5 20.e4 Bc8 21.f4 Qh6 22.
e5 Nd3 23.Qc3 dxe5 24.fxe5 c5 25.Qxd3 Rd8 26.Bd5 cxd4 27.Qxd4 Be6 28.a4 
Qg5 29.Rad1 Rfe8 30.Qf4 Qe7 31.Bxe6 Qxe6 32.Rd6 Qe7 33.Rfd1 h6 34.Qd4 Rb8 
35.Rd5 b6 36.Qf2 Rb7 37.Qf5 Rc7 38.Kg2 Rb7 39.R1d4 Rc7 40.Kf3 Rc5 41.Rxc5 
Qxc5 42.Rd7 Qxe5 43.Qxe5 Rxe5 44.Rd8+ Kh7 45.Rd6 Re6 46.Rxe6 fxe6 47.Ke4 
Kg6 48.Ke5 Kf7 49.Kd6 Kf6 50.c5 bxc5 51.Kxc5 e5 52.b4 e4 53.Kd4 axb4 54.
Kxe4 h5 1-0

[Event "4th EUR-ch"]
[Site "Istanbul TUR"]
[Date "2003.05.30"]
[Round "1.99"]
[White "Ataman, Alper"]
[Black "Nataf, Igor-Alexandre"]
[Result "0-1"]
[WhiteElo "2161"]
[BlackElo "2559"]
[EventDate "2003.05.30"]
[PlyCount "71"]

1.d4 Nf6 2.c4 g6 3.Nc3 Bg7 4.e4 d6 5.Nf3 O-O 6.Be2 Na6 7.O-O e5 8.Be3 Ng4 
9.Bg5 Qe8 10.h3 h6 11.Bc1 exd4 12.Nxd4 Nf6 13.Bf3 Nh7 14.Re1 Ng5 15.Ndb5 
Qd8 16.Be3 c6 17.Nd4 Re8 18.Rc1 Nc5 19.Bxg5 Qxg5 20.b4 Ne6 21.Nde2 Qe7 22.
Bg4 a5 23.b5 Nc5 24.Bxc8 Raxc8 25.bxc6 bxc6 26.Ng3 Be5 27.Nce2 Qh4 28.Qd2 
a4 29.f4 Bg7 30.Kh2 Qf6 31.Nc3 h5 32.Qe3 Qd4 33.Qf3 h4 34.Nge2 Qxc4 35.
Red1 Nxe4 36.Qxe4 0-1

[Event "4th EUR-ch"]
[Site "Istanbul TUR"]
[Date "2003.05.30"]
[Round "1.100"]
[White "Savchenko, Stanislav"]
[Black "Reyhan, Dogan"]
[Result "1-0"]
[WhiteElo "2559"]
[BlackElo "2161"]
[EventDate "2003.05.30"]
[PlyCount "91"]

1.d4 Nf6 2.Nf3 g6 3.c4 Bg7 4.Nc3 O-O 5.e4 d6 6.Be2 e5 7.O-O Nc6 8.d5 Ne7 
9.b4 a5 10.Ba3 b6 11.bxa5 Nh5 12.Re1 Nf4 13.Bf1 f5 14.Nd2 Rxa5 15.Bb4 Ra8 
16.Nb5 Bd7 17.a4 Bxb5 18.cxb5 fxe4 19.Nxe4 Kh8 20.Bc4 Nf5 21.g3 Nd4 22.Ra3
Nh3+ 23.Kg2 Qd7 24.Rd3 Qf5 25.f3 Qd7 26.Bc3 Rf5 27.f4 Rh5 28.Bxd4 exd4 29.
Nd2 Nf2 30.Kxf2 Rxh2+ 31.Kg1 Qh3 32.Qf3 g5 33.Re2 Rxe2 34.Qxe2 gxf4 35.
gxf4 Qh4 36.Qf2 Qg4+ 37.Rg3 Qd1+ 38.Nf1 d3 39.Bxd3 Rxa4 40.Bc2 Qd4 41.Bxa4
Qxa4 42.Kh2 Qxb5 43.Qg2 Qd7 44.Qh3 Qf7 45.Qc8+ Bf8 46.Qe6 1-0

[Event "4th EUR-ch"]
[Site "Istanbul TUR"]
[Date "2003.05.30"]
[Round "1.102"]
[White "Romanyshyn, Oleh"]
[Black "Kayar, Erdem"]
[Result "1-0"]
[WhiteElo "2558"]
[BlackElo "2077"]
[EventDate "2003.05.30"]
[PlyCount "58"]

1.d4 Nf6 2.Nf3 c5 3.d5 d6 4.Nc3 Bf5 5.Nd2 g5 6.e4 Bg6 7.Be2 Bg7 8.O-O Nbd7
9.a4 O-O 10.Nc4 Nxe4 11.Nxe4 Bxe4 12.Bxg5 Ne5 13.f3 Bf5 14.c3 a6 15.Qd2 
Kh8 16.Ne3 Bd7 17.f4 Ng6 18.f5 Ne5 19.a5 Bb5 20.c4 Be8 21.Rab1 Nd7 22.Ng4 
Bd4+ 23.Kh1 Rg8 24.b4 f6 25.Bf4 Bh5 26.Nh6 Qe8 27.Nxg8 Bxe2 28.Qxe2 Kxg8 
29.bxc5 Nxc5 1-0

[Event "4th EUR-ch"]
[Site "Istanbul TUR"]
[Date "2003.05.30"]
[Round "1.103"]
[White "Azimi, Reza"]
[Black "Shomoev, Anton"]
[Result "0-1"]
[WhiteElo "2046"]
[BlackElo "2558"]
[EventDate "2003.05.30"]
[PlyCount "90"]

1.e4 e5 2.Nf3 Nc6 3.Bb5 a6 4.Ba4 Nf6 5.O-O Be7 6.Re1 b5 7.Bb3 O-O 8.d4 d6 
9.h3 Nxd4 10.Nxd4 exd4 11.c3 Bb7 12.Bg5 dxc3 13.Nxc3 Nd7 14.Bxe7 Qxe7 15.
Re3 c5 16.Bd5 Bxd5 17.Nxd5 Qd8 18.Rf3 Re8 19.Rf4 Ne5 20.Qh5 Ng6 21.Rf5 Ra7
22.Re1 Qa5 23.Re3 Qxa2 24.Nf6+ gxf6 25.Qh6 Rxe4 26.Rh5 Rxe3 27.Qxh7+ Kf8 
28.Qh6+ Ke8 29.Qxe3+ Re7 30.Qf3 Qb1+ 31.Kh2 Qe4 32.Qxf6 Qf4+ 33.Qxf4 Nxf4 
34.Rh8+ Kd7 35.Ra8 Re2 36.Ra7+ Ke6 37.Kg3 Nd3 38.h4 Nxf2 39.h5 Rxb2 40.h6 
Ne4+ 41.Kf4 Nf6 42.g4 Rb4+ 43.Kf3 Rxg4 44.h7 Rh4 45.h8=Q Rxh8 0-1

[Event "4th EUR-ch"]
[Site "Istanbul TUR"]
[Date "2003.05.31"]
[Round "2.1"]
[White "Delchev, Alexander"]
[Black "Grischuk, Alexander"]
[Result "1/2-1/2"]
[WhiteElo "2577"]
[BlackElo "2701"]
[EventDate "2003.05.30"]
[PlyCount "24"]

1.e4 e5 2.Nf3 Nc6 3.Bc4 Bc5 4.c3 Nf6 5.d3 a6 6.O-O d6 7.h3 O-O 8.Re1 Ba7 
9.Bb3 Ne7 10.Nbd2 Ng6 11.Nf1 Re8 12.Ng3 Be6 1/2-1/2

[Event "4th EUR-ch"]
[Site "Istanbul TUR"]
[Date "2003.05.31"]
[Round "2.2"]
[White "Timofeev, Artiom"]
[Black "Malakhov, Vladimir"]
[Result "1/2-1/2"]
[WhiteElo "2577"]
[BlackElo "2672"]
[EventDate "2003.05.30"]
[PlyCount "115"]

1.e4 c6 2.d4 d5 3.exd5 cxd5 4.c4 Nf6 5.Nc3 e6 6.Nf3 Bb4 7.Bd3 dxc4 8.Bxc4 
O-O 9.O-O a6 10.a4 Nc6 11.Bg5 Be7 12.Re1 Nb4 13.Qb3 Nc6 14.Qd1 Nb4 15.Ne5 
Bd7 16.Qe2 Be8 17.Rad1 Nbd5 18.Rd3 Nxc3 19.bxc3 Nd7 20.Bxe7 Qxe7 21.Rg3 
Nxe5 22.Qxe5 g6 23.d5 Bxa4 24.dxe6 f6 25.Qe3 Rfd8 26.h4 Rac8 27.Ba2 Be8 
28.h5 g5 29.f4 h6 30.Rf1 Bb5 31.fxg5 hxg5 32.Rf5 Kh8 33.Bd5 Bc4 34.Bxc4 
Rxc4 35.Rgf3 Rd1+ 36.Kf2 Ra4 37.Rxf6 Ra2+ 38.Kg3 Qc7+ 39.Kh3 Rh1+ 40.Kg4 
Ra4+ 41.Kxg5 Qg7+ 42.Rg6 Qe7+ 43.Rff6 Rhh4 44.Rh6+ Kg7 45.Rg6+ Kh8 46.Qe5 
Rag4+ 47.Kf5 Rxh5+ 48.Kxg4 Rxe5 49.Rh6+ Kg8 50.Rfg6+ Qg7 51.Kf4 Re1 52.g4 
a5 53.Rxg7+ Kxg7 54.Rh5 Rxe6 55.Rxa5 Rc6 56.Ra3 Kg6 57.Rb3 Rc7 58.Ke4 
1/2-1/2

[Event "4th EUR-ch"]
[Site "Istanbul TUR"]
[Date "2003.05.31"]
[Round "2.4"]
[White "Luther, Thomas"]
[Black "Bologan, Viorel"]
[Result "1/2-1/2"]
[WhiteElo "2571"]
[BlackElo "2663"]
[EventDate "2003.05.30"]
[PlyCount "44"]

1.e4 c6 2.d4 d5 3.Nd2 dxe4 4.Nxe4 Nd7 5.Nf3 Ngf6 6.Nxf6+ Nxf6 7.c3 Bg4 8.
h3 Bxf3 9.Qxf3 Qd5 10.Be2 g6 11.O-O Bg7 12.Qg3 Qd7 13.Bf3 O-O 14.Bg5 Nd5 
15.Rae1 e6 16.h4 Rfe8 17.Bc1 h5 18.Bg5 Qc7 19.Qxc7 Nxc7 20.g3 a5 21.a4 Nd5
22.Be4 Kh7 1/2-1/2

[Event "4th EUR-ch"]
[Site "Istanbul TUR"]
[Date "2003.05.31"]
[Round "2.6"]
[White "Nevednichy, Vladislav"]
[Black "Movsesian, Sergei"]
[Result "1/2-1/2"]
[WhiteElo "2569"]
[BlackElo "2659"]
[EventDate "2003.05.30"]
[PlyCount "26"]

1.e4 c5 2.c3 Nf6 3.e5 Nd5 4.d4 cxd4 5.Nf3 Nc6 6.Bc4 Nb6 7.Bb3 d5 8.exd6 
Qxd6 9.O-O Be6 10.Bxe6 Qxe6 11.Nxd4 Nxd4 12.Qxd4 Rd8 13.Qh4 Qe2 1/2-1/2

[Event "4th EUR-ch"]
[Site "Istanbul TUR"]
[Date "2003.05.31"]
[Round "2.7"]
[White "Atalik, Suat"]
[Black "Alexandrov, Alexei"]
[Result "1/2-1/2"]
[WhiteElo "2568"]
[BlackElo "2650"]
[EventDate "2003.05.30"]
[PlyCount "90"]

1.Nf3 Nf6 2.c4 e6 3.Nc3 d5 4.d4 Bb4 5.cxd5 exd5 6.Bg5 Nbd7 7.e3 c5 8.Bb5 
Qa5 9.Bxd7+ Nxd7 10.O-O c4 11.e4 Bxc3 12.bxc3 dxe4 13.Qe2 Qd5 14.Rfe1 O-O 
15.Qxe4 Qxe4 16.Rxe4 Nb6 17.Bd2 Bd7 18.Ree1 f6 19.h3 Na4 20.Nh2 b5 21.Nf1 
Kf7 22.Ng3 Rfd8 23.Re2 a5 24.Rae1 Re8 25.Ne4 Kg6 26.Re3 h5 27.a3 Bc6 28.f3
h4 29.Nc5 Rxe3 30.Rxe3 Nxc5 31.dxc5 Rd8 32.Re2 Kf7 33.Kf2 Rd3 34.Be1 Rd5 
35.Kf1 g5 36.Rd2 Rxc5 37.Bf2 Re5 38.Rd6 Re6 39.Rxe6 Kxe6 40.Bc5 f5 41.Kf2 
f4 42.Ke2 Be8 43.Kf2 Bg6 44.Bf8 Be8 45.Ke2 Ke5 1/2-1/2

[Event "4th EUR-ch"]
[Site "Istanbul TUR"]
[Date "2003.05.31"]
[Round "2.8"]
[White "Beliavsky, Alexander"]
[Black "Stefansson, Hannes Hlifar"]
[Result "1-0"]
[WhiteElo "2649"]
[BlackElo "2565"]
[EventDate "2003.05.30"]
[PlyCount "113"]

1.d4 Nf6 2.c4 e6 3.Nf3 b6 4.g3 Ba6 5.Qb3 Nc6 6.Nbd2 d5 7.Bg2 Bd6 8.cxd5 
exd5 9.Ne5 Bb7 10.Nxc6 Bxc6 11.Nc4 Be7 12.Bf4 O-O 13.Ne3 Qd7 14.O-O Ba4 
15.Qd3 g6 16.Rfc1 c6 17.Nd1 Bb5 18.Qc2 Rac8 19.Nc3 Bc4 20.Qa4 a5 21.Qd1 
Rfe8 22.b3 Ba6 23.Rc2 Qe6 24.Na4 Nd7 25.h4 Bb4 26.e3 Bb5 27.Nc3 Ba6 28.Kh2
h5 29.Bh3 f5 30.Bf1 Bxf1 31.Qxf1 Ba3 32.Rd1 b5 33.Ne2 Nf6 34.Kg1 Ne4 35.
Be5 Qf7 36.Nf4 Nf6 37.Nd3 Nd7 38.Qe1 Bb4 39.Qe2 Nxe5 40.Nxe5 Qf6 41.Rdc1 
Re6 42.a4 bxa4 43.bxa4 Ba3 44.Rb1 c5 45.Qb5 Bb4 46.Nd7 Qe7 47.Nxc5 Rec6 
48.Rxb4 axb4 49.Qxb4 Qf7 50.a5 g5 51.hxg5 h4 52.Qb3 Kg7 53.gxh4 Qh5 54.Rb2
Qf3 55.Rb1 Kg6 56.Qd1 Qh3 57.Nd3 1-0

[Event "4th EUR-ch"]
[Site "Istanbul TUR"]
[Date "2003.05.31"]
[Round "2.9"]
[White "Inarkiev, Ernesto"]
[Black "Georgiev, Kiril"]
[Result "0-1"]
[WhiteElo "2568"]
[BlackElo "2647"]
[EventDate "2003.05.30"]
[PlyCount "74"]

1.e4 e5 2.Nf3 Nc6 3.Bb5 Nf6 4.O-O Nxe4 5.d4 Nd6 6.Bxc6 dxc6 7.dxe5 Nf5 8.
Qxd8+ Kxd8 9.Nc3 Ne7 10.Re1 Ng6 11.Ne4 h6 12.h3 Be6 13.b3 c5 14.c4 b6 15.
g4 Kc8 16.Kg2 Kb7 17.Rd1 Be7 18.Kg3 f5 19.gxf5 Bxf5 20.Nc3 Rhf8 21.h4 h5 
22.Bg5 Bg4 23.Rd3 Rad8 24.Rad1 Bxg5 25.hxg5 Rxd3 26.Rxd3 Bxf3 27.Rxf3 h4+ 
28.Kg2 h3+ 29.Rxh3 Nf4+ 30.Kg3 Nxh3 31.Kxh3 Rf3+ 32.Kg4 Rxc3 33.Kf5 Rf3+ 
34.Kg6 Kc6 35.Kxg7 Kd7 36.g6 Rxf2 37.Kh7 Rh2+ 0-1

[Event "4th EUR-ch"]
[Site "Istanbul TUR"]
[Date "2003.05.31"]
[Round "2.10"]
[White "Hulak, Krunoslav"]
[Black "Tkachiev, Vladislav"]
[Result "1/2-1/2"]
[WhiteElo "2563"]
[BlackElo "2643"]
[EventDate "2003.05.30"]
[PlyCount "22"]

1.c4 e5 2.e3 Nf6 3.a3 g6 4.Nc3 Bg7 5.Nf3 Nc6 6.Qc2 a5 7.Rb1 O-O 8.Be2 Re8 
9.d3 d6 10.O-O Bf5 11.Nd2 Rb8 1/2-1/2

[Event "4th EUR-ch"]
[Site "Istanbul TUR"]
[Date "2003.05.31"]
[Round "2.11"]
[White "Kobalia, Mikhail"]
[Black "Vaisser, Anatoli"]
[Result "1/2-1/2"]
[WhiteElo "2639"]
[BlackElo "2563"]
[EventDate "2003.05.30"]
[PlyCount "70"]

1.e4 e6 2.d4 d5 3.Nd2 c5 4.Ngf3 Nc6 5.exd5 exd5 6.Bb5 cxd4 7.Nxd4 Bd7 8.
N2f3 Bd6 9.O-O Nge7 10.Re1 O-O 11.Bg5 Re8 12.Bh4 Qb6 13.Bg3 Bc5 14.Bxc6 
bxc6 15.Nb3 Nf5 16.Nxc5 Qxc5 17.Qd3 f6 18.b3 Kf7 19.Bf4 Rxe1+ 20.Rxe1 Re8 
21.Rxe8 Kxe8 22.h3 h5 23.Bd2 Qb5 24.c4 dxc4 25.bxc4 Qa4 26.Qb1 c5 27.Qb8+ 
Ke7 28.Qc7 Qxc4 29.Qxa7 Qb5 30.Bc3 Kf7 31.Bd2 Kg6 32.Be3 Be6 33.Bxc5 Qb1+ 
34.Kh2 Qc2 35.Qb8 Bc4 1/2-1/2

[Event "4th EUR-ch"]
[Site "Istanbul TUR"]
[Date "2003.05.31"]
[Round "2.13"]
[White "Mchedlishvili, Mikheil"]
[Black "Tregubov, Pavel"]
[Result "1/2-1/2"]
[WhiteElo "2560"]
[BlackElo "2632"]
[EventDate "2003.05.30"]
[PlyCount "43"]

1.d4 d5 2.c4 e6 3.Nf3 c6 4.Qc2 dxc4 5.Qxc4 Nf6 6.Bg5 b5 7.Qc2 Bb7 8.Nbd2 
Nbd7 9.e4 Qb6 10.a4 Bb4 11.Bd3 h6 12.Bxf6 Nxf6 13.O-O Nd7 14.Nb3 bxa4 15.
Rxa4 a5 16.Re1 O-O 17.Bf1 Rfc8 18.Nxa5 Nc5 19.dxc5 Qa7 20.Ne5 Ba6 21.Bxa6 
Qxa6 22.Nd3 1/2-1/2

[Event "4th EUR-ch"]
[Site "Istanbul TUR"]
[Date "2003.05.31"]
[Round "2.14"]
[White "Graf, Alexander"]
[Black "Romero Holmes, Alfonso"]
[Result "1-0"]
[WhiteElo "2630"]
[BlackElo "2560"]
[EventDate "2003.05.30"]
[PlyCount "59"]

1.d4 Nf6 2.c4 g6 3.Nc3 Bg7 4.e4 d6 5.Nf3 O-O 6.Be2 Bg4 7.Be3 Nfd7 8.Rc1 c5
9.d5 b5 10.cxb5 a6 11.bxa6 Nxa6 12.O-O Qa5 13.Nd2 Bxe2 14.Qxe2 Nc7 15.Bg5 
Rfe8 16.f4 e6 17.dxe6 Nxe6 18.Nc4 Qa6 19.Nd5 Qxa2 20.Be7 Nd4 21.Qd3 Reb8 
22.Bxd6 Rb3 23.Qd1 Nb5 24.e5 Nxd6 25.Ne7+ Kh8 26.Qxd6 Rb4 27.Qxd7 Rxc4 28.
Nc8 Bh6 29.Rxc4 Qxc4 30.Nb6 1-0

[Event "4th EUR-ch"]
[Site "Istanbul TUR"]
[Date "2003.05.31"]
[Round "2.15"]
[White "Nataf, Igor-Alexandre"]
[Black "Nielsen, Peter Heine"]
[Result "1/2-1/2"]
[WhiteElo "2559"]
[BlackElo "2625"]
[EventDate "2003.05.30"]
[PlyCount "73"]

1.e4 c6 2.d4 d5 3.f3 e6 4.Nc3 Nf6 5.e5 Nfd7 6.Nce2 c5 7.c3 cxd4 8.cxd4 f6 
9.f4 fxe5 10.fxe5 Qh4+ 11.Ng3 Bb4+ 12.Kf2 O-O+ 13.Nf3 Nc6 14.Be3 Ba5 15.
Kg1 Rxf3 16.gxf3 Bb6 17.f4 g5 18.Qh5 Qxh5 19.Nxh5 gxf4 20.Nxf4 Ndxe5 21.
Bh3 Nxd4 22.Kf2 Nc4 23.Bxd4 Bxd4+ 24.Ke2 Kf7 25.Raf1 Ke7 26.b3 Nd6 27.Rc1 
Bb6 28.Rhf1 Bd7 29.a4 Rg8 30.Rf3 Ne4 31.Rcf1 Nd6 32.Rc1 Rg5 33.Rd1 Bg1 34.
Nxd5+ exd5 35.Bxd7 Kxd7 36.h4 Rg2+ 37.Kf1 1/2-1/2

[Event "4th EUR-ch"]
[Site "Istanbul TUR"]
[Date "2003.05.31"]
[Round "2.16"]
[White "Savchenko, Stanislav"]
[Black "Smirnov, Pavel"]
[Result "1/2-1/2"]
[WhiteElo "2559"]
[BlackElo "2615"]
[EventDate "2003.05.30"]
[PlyCount "61"]

1.d4 d5 2.c4 c6 3.Nf3 Nf6 4.e3 Bf5 5.Nc3 e6 6.Nh4 Bg6 7.Nxg6 hxg6 8.g3 
Nbd7 9.Bg2 dxc4 10.Qe2 Be7 11.O-O O-O 12.Qxc4 e5 13.Rd1 exd4 14.exd4 Nb6 
15.Qb3 Qd7 16.a4 Nbd5 17.Bg5 Rad8 18.a5 Rfe8 19.Rac1 Nh7 20.Bd2 Bg5 21.Ne4
Bxd2 22.Rxd2 Re7 23.a6 bxa6 24.Nc5 Qe8 25.Nd3 Nhf6 26.Ne5 Ng4 27.Nd3 Nh6 
28.Rdd1 Nf5 29.Nc5 Rb8 30.Qa3 Re2 31.Na4 1/2-1/2

[Event "4th EUR-ch"]
[Site "Istanbul TUR"]
[Date "2003.05.31"]
[Round "2.17"]
[White "Dautov, Rustem"]
[Black "Romanyshyn, Oleh"]
[Result "1-0"]
[WhiteElo "2611"]
[BlackElo "2558"]
[EventDate "2003.05.30"]
[PlyCount "77"]

1.d4 d5 2.c4 dxc4 3.Nf3 a6 4.e3 Bg4 5.Bxc4 e6 6.h3 Bh5 7.Nc3 Nc6 8.O-O Nf6
9.Be2 Bd6 10.b3 O-O 11.Bb2 Qe8 12.Ne5 Bxe2 13.Nxe2 Rd8 14.Qc1 Nb4 15.a3 
Nbd5 16.Qc2 Nh5 17.g4 Nhf6 18.e4 Nb6 19.f4 Nfd7 20.Ng3 f6 21.Nd3 Nb8 22.d5
c6 23.e5 Nxd5 24.exd6 Ne3 25.Qc5 Nxf1 26.Rxf1 b6 27.Qxb6 Rxd6 28.Qe3 Qf7 
29.Nc5 Rfd8 30.b4 a5 31.Bc3 Qa7 32.Rc1 axb4 33.Bxb4 Re8 34.Nf5 Rd5 35.Nxe6
c5 36.Bc3 Nc6 37.Qe4 c4+ 38.Kg2 Rd3 39.Qxc4 1-0

[Event "4th EUR-ch"]
[Site "Istanbul TUR"]
[Date "2003.05.31"]
[Round "2.20"]
[White "Nisipeanu, Liviu-Dieter"]
[Black "Halkias, Stelios"]
[Result "1-0"]
[WhiteElo "2606"]
[BlackElo "2542"]
[EventDate "2003.05.30"]
[PlyCount "76"]

1.e4 c5 2.Nf3 Nc6 3.Bb5 g6 4.Bxc6 dxc6 5.d3 Bg7 6.h3 b6 7.Nc3 e5 8.Be3 Ne7
9.Qd2 h6 10.g4 Be6 11.O-O-O Qd7 12.Rhg1 O-O-O 13.Kb1 f6 14.Na4 Kb8 15.Qc3 
Nc8 16.Nh4 Qf7 17.b3 Nd6 18.Qe1 Nb5 19.Nb2 h5 20.g5 f5 21.Bd2 fxe4 22.dxe4
Bxh3 23.c3 Be6 24.Ka1 Rd7 25.Be3 Rhd8 26.Rxd7 Rxd7 27.Rg3 Bg4 28.f3 Be6 
29.Rg2 Kc7 30.Rd2 Rxd2 31.Qxd2 Qe8 32.a4 Nd6 33.c4 Bf7 34.Bf2 Qd7 35.Kb1 
Qe6 36.Ng2 Nb7 37.Nd3 Kc8 38.Bg3 b5 1-0

[Event "4th EUR-ch"]
[Site "Istanbul TUR"]
[Date "2003.05.31"]
[Round "2.21"]
[White "Kozul, Zdenko"]
[Black "Korobov, Anton"]
[Result "1/2-1/2"]
[WhiteElo "2601"]
[BlackElo "2513"]
[EventDate "2003.05.30"]
[PlyCount "70"]

1.d4 d5 2.c4 e6 3.Nf3 Nf6 4.Nc3 Be7 5.Bg5 O-O 6.e3 h6 7.Bxf6 Bxf6 8.cxd5 
exd5 9.Rc1 b6 10.Be2 Bb7 11.b4 c6 12.O-O Nd7 13.Qb3 b5 14.e4 dxe4 15.Nxe4 
a5 16.Nd6 Qb8 17.Nxb7 Qxb7 18.bxa5 Rxa5 19.Bd3 Re8 20.Rfe1 Rxe1+ 21.Rxe1 
Ra8 22.h4 Nf8 23.Be4 Rd8 24.Rc1 Rd6 25.Qc3 Ne6 26.Bxc6 Qb6 27.Be4 Nxd4 28.
Nxd4 Bxd4 29.Qc8+ Rd8 30.Qf5 g6 31.Qf4 h5 32.Rc2 Rd6 33.Bf3 Kg7 34.Re2 Rf6
35.Qd2 Rd6 1/2-1/2

[Event "4th EUR-ch"]
[Site "Istanbul TUR"]
[Date "2003.05.31"]
[Round "2.23"]
[White "Chuchelov, Vladimir"]
[Black "Kritz, Leonid"]
[Result "1/2-1/2"]
[WhiteElo "2592"]
[BlackElo "2468"]
[EventDate "2003.05.30"]
[PlyCount "61"]

1.Nf3 Nf6 2.c4 b6 3.d4 e6 4.g3 Ba6 5.Qa4 c5 6.Bg2 Bb7 7.dxc5 Bxc5 8.O-O 
O-O 9.Nc3 Be7 10.Bf4 Na6 11.Rfd1 Nc5 12.Qc2 Qc8 13.Rd4 d5 14.cxd5 exd5 15.
Rdd1 Nce4 16.Rac1 Nxc3 17.Qxc3 Qxc3 18.Rxc3 Rfc8 19.Rxc8+ Rxc8 20.Nd4 Bc5 
21.Nf5 Ba6 22.e3 g6 23.Nh6+ Kf8 24.Be5 Ne4 25.Rxd5 Bxe3 26.Bxe4 Bxh6 27.
Rd7 Rc1+ 28.Kg2 Re1 29.Bd6+ Kg7 30.Be5+ Kf8 31.Bd6+ 1/2-1/2

[Event "4th EUR-ch"]
[Site "Istanbul TUR"]
[Date "2003.05.31"]
[Round "2.24"]
[White "Shomoev, Anton"]
[Black "Agrest, Evgenij"]
[Result "0-1"]
[WhiteElo "2558"]
[BlackElo "2591"]
[EventDate "2003.05.30"]
[PlyCount "63"]

1.e4 c5 2.Nf3 e6 3.d4 cxd4 4.Nxd4 a6 5.Bd3 Bc5 6.Nb3 Be7 7.O-O d6 8.c4 b6 
9.Nc3 Bb7 10.Be3 Nf6 11.a4 Nc6 12.a5 bxa5 13.Na4 O-O 14.Bb6 Qb8 15.Re1 Nd7
16.Bxa5 Nxa5 17.Nxa5 Ra7 18.b4 Ba8 19.Rb1 Qc7 20.Qd2 Nf6 21.Bf1 Rb8 22.Qe3
Ng4 23.Qg3 Nf6 24.Bd3 g6 25.h3 Qd8 26.Qe3 Rd7 27.Bc2 Nh5 28.Nc3 Bg5 29.Qf3
f5 30.Qd1 Bf6 31.Qd2 Be5 32.Ba4 0-1

[Event "4th EUR-ch"]
[Site "Istanbul TUR"]
[Date "2003.05.31"]
[Round "2.25"]
[White "Avrukh, Boris"]
[Black "Arlandi, Ennio"]
[Result "1/2-1/2"]
[WhiteElo "2586"]
[BlackElo "2456"]
[EventDate "2003.05.30"]
[PlyCount "89"]

1.d4 d5 2.c4 c6 3.Nc3 Nf6 4.e3 a6 5.Nf3 b5 6.b3 Bg4 7.Be2 e6 8.O-O Nbd7 9.
h3 Bh5 10.Bb2 Bd6 11.Ne5 Bxe2 12.Nxe2 Qc7 13.cxd5 cxd5 14.Rc1 Qb8 15.Nxd7 
Kxd7 16.f3 Qb7 17.Qd3 Ke7 18.Nc3 b4 19.Na4 Qb5 20.Qd2 Rac8 21.Nc5 Rhd8 22.
a4 bxa3 23.Bxa3 Ke8 24.Rc3 Nd7 25.Rfc1 Nxc5 26.Bxc5 Bxc5 27.dxc5 Rc6 28.
Qd4 f6 29.f4 a5 30.Kf2 Qb4 31.g4 Ke7 32.g5 Rf8 33.gxf6+ Rxf6 34.Qxb4 axb4 
35.Rd3 Rf8 36.Rd4 Rfc8 37.Rxb4 Rxc5 38.Rb7+ Kf6 39.Rg1 Rc1 40.Rxc1 Rxc1 
41.b4 Rc2+ 42.Kf3 Rb2 43.b5 h6 44.b6 Kg6 45.Rb8 1/2-1/2

[Event "4th EUR-ch"]
[Site "Istanbul TUR"]
[Date "2003.05.31"]
[Round "2.26"]
[White "Fontaine, Robert"]
[Black "Rozentalis, Eduardas"]
[Result "1/2-1/2"]
[WhiteElo "2527"]
[BlackElo "2586"]
[EventDate "2003.05.30"]
[PlyCount "92"]

1.e4 e6 2.d4 d5 3.e5 c5 4.c3 Qb6 5.Nf3 Bd7 6.a3 a5 7.Be2 Nc6 8.O-O Nh6 9.
c4 dxc4 10.d5 exd5 11.Nc3 Ne7 12.Nxd5 Nxd5 13.Qxd5 Be6 14.Qe4 Qc6 15.Qxc6+
bxc6 16.Bxh6 gxh6 17.Nd2 Rb8 18.Nxc4 Rg8 19.g3 h5 20.Nxa5 Rxb2 21.Rfe1 c4 
22.Bxc4 Bc5 23.Re2 Rxe2 24.Bxe2 h4 25.Kf1 hxg3 26.hxg3 Rg6 27.Bf3 Bd4 28.
Rd1 Bxe5 29.Nxc6 Bc7 30.a4 Bh3+ 31.Kg1 Rf6 32.Rd3 Bd7 33.Re3+ Kf8 34.Rc3 
Bb6 35.Kg2 Bxc6 36.Rxc6 Rxc6 37.Bxc6 h6 38.f3 Ke7 39.Kh3 Ba5 40.Kg4 Be1 
41.f4 Kd6 42.Be8 f6 43.Bg6 Kc5 44.Kf3 Kb4 45.Be8 Ka5 46.g4 Bd2 1/2-1/2

[Event "4th EUR-ch"]
[Site "Istanbul TUR"]
[Date "2003.05.31"]
[Round "2.28"]
[White "Neverov, Valeriy"]
[Black "Atakisi, Umut"]
[Result "1-0"]
[WhiteElo "2583"]
[BlackElo "2303"]
[EventDate "2003.05.30"]
[PlyCount "85"]

1.d4 Nf6 2.c4 g6 3.Nf3 Bg7 4.g3 O-O 5.Bg2 d5 6.O-O dxc4 7.Na3 Na6 8.Nxc4 
c5 9.b3 Be6 10.Bb2 Rc8 11.Rc1 Bd5 12.Qd2 e6 13.Rfd1 Qe7 14.Qa5 Qc7 15.Nfe5
Bxg2 16.Kxg2 Qxa5 17.Nxa5 b6 18.Nac6 Rc7 19.dxc5 Nxc5 20.Ba3 Nfe4 21.f3 
Bxe5 22.Nxe5 Nf6 23.b4 Na6 24.b5 Nc5 25.Bxc5 Rxc5 26.Rxc5 bxc5 27.Nc6 Nd5 
28.Rc1 c4 29.a4 Ra8 30.e4 Nb6 31.a5 Nd7 32.Rxc4 Kf8 33.Kf2 Rc8 34.Ke3 Rc7 
35.Ne5 Rxc4 36.Nxc4 Ke7 37.a6 Nc5 38.Kd4 Nb3+ 39.Kc3 Nc5 40.Kb4 Nd3+ 41.
Ka5 Nc5 42.b6 axb6+ 43.Kxb6 1-0

[Event "4th EUR-ch"]
[Site "Istanbul TUR"]
[Date "2003.05.31"]
[Round "2.30"]
[White "Gagunashvili, Merab"]
[Black "Kilicaslan, Hasan"]
[Result "1-0"]
[WhiteElo "2580"]
[BlackElo "2260"]
[EventDate "2003.05.30"]
[PlyCount "65"]

1.d4 Nf6 2.c4 g6 3.Nf3 Bg7 4.g3 O-O 5.Bg2 d6 6.Nc3 Nc6 7.O-O a6 8.Re1 Rb8 
9.Rb1 e5 10.d5 Ne7 11.b4 Nd7 12.Ba3 b5 13.e4 bxc4 14.Nd2 Nb6 15.Qe2 c6 16.
Nxc4 cxd5 17.Nxd5 Nexd5 18.exd5 Nxc4 19.Qxc4 Bd7 20.Bc1 Bb5 21.Qb3 Qd7 22.
Bd2 Rfc8 23.Rbc1 f5 24.Rc6 e4 25.Bf1 Be5 26.a4 Bxf1 27.Rxf1 f4 28.gxf4 
Bxf4 29.Rfc1 Rf8 30.Qg3 Rf5 31.Rc7 Qxa4 32.Bc3 Rxd5 33.Qh3 1-0

[Event "4th EUR-ch"]
[Site "Istanbul TUR"]
[Date "2003.05.31"]
[Round "2.32"]
[White "Ivanchuk, Vasyl"]
[Black "Minasian, Artashes"]
[Result "1-0"]
[WhiteElo "2704"]
[BlackElo "2555"]
[EventDate "2003.05.30"]
[PlyCount "59"]

1.d4 Nf6 2.c4 c5 3.Nf3 g6 4.g3 Bg7 5.Bg2 O-O 6.Nc3 d6 7.O-O Nc6 8.Re1 Bd7 
9.b3 Qc8 10.Bg5 Re8 11.Rc1 Bh3 12.Bh1 h6 13.Bd2 e5 14.Nb5 Ne4 15.dxe5 dxe5
16.Be3 Rd8 17.Qc2 Bf5 18.Qb2 Nb4 19.a3 Nxf2 20.Bxf2 e4 21.Ne5 Qb8 22.axb4 
Bxe5 23.Qa3 e3 24.bxc5 exf2+ 25.Kxf2 Rd2 26.Rcd1 Qd8 27.Rxd2 Qxd2 28.Qc1 
Qb4 29.Qe3 Bf6 30.Bxb7 1-0

[Event "4th EUR-ch"]
[Site "Istanbul TUR"]
[Date "2003.05.31"]
[Round "2.33"]
[White "Azmaiparashvili, Zurab"]
[Black "Conquest, Stuart"]
[Result "1-0"]
[WhiteElo "2678"]
[BlackElo "2556"]
[EventDate "2003.05.30"]
[PlyCount "68"]

1.d4 Nf6 2.c4 c5 3.d5 b5 4.cxb5 a6 5.f3 axb5 6.e4 Qa5+ 7.Bd2 b4 8.Na3 d6 
9.Nc4 Qd8 10.Bd3 g6 11.Ne2 Bg7 12.a3 bxa3 13.Rxa3 Rxa3 14.bxa3 O-O 15.Ba5 
Qd7 16.O-O e6 17.dxe6 fxe6 18.e5 dxe5 19.Nxe5 Qa7 20.Nc4 Nd5 21.Be1 Nc6 
22.Bf2 Rd8 23.Qb3 Nc3 24.Qc2 Qd7 25.Nxc3 Qxd3 26.Qxd3 Rxd3 27.Ne4 Nd4 28.
Rb1 Bf8 29.h4 Rb3 30.Rd1 Ba6 31.Bxd4 cxd4 32.Rxd4 Be7 33.Ne5 Bxa3 34.Nd2 
Re3 1-0

[Event "4th EUR-ch"]
[Site "Istanbul TUR"]
[Date "2003.05.31"]
[Round "2.34"]
[White "Areschenko, Alexander"]
[Black "Sokolov, Ivan"]
[Result "1/2-1/2"]
[WhiteElo "2546"]
[BlackElo "2677"]
[EventDate "2003.05.30"]
[PlyCount "76"]

1.e4 e5 2.Nf3 Nc6 3.d4 exd4 4.Nxd4 Nf6 5.Nc3 Bb4 6.Nxc6 bxc6 7.Bd3 O-O 8.
O-O d5 9.exd5 cxd5 10.Bg5 c6 11.Qf3 Bd6 12.Ne2 Be5 13.Rab1 h6 14.Bf4 Re8 
15.Bxe5 Rxe5 16.Qf4 Rg5 17.Ng3 Be6 18.Qd4 c5 19.Qxc5 d4 20.Qc6 Bxa2 21.Ra1
Bd5 22.Qa6 h5 23.f4 Rg4 24.Bf5 Bxg2 25.Kxg2 Qd5+ 26.Kf2 Rxg3 27.hxg3 Qxf5 
28.Qd3 Qc5 29.Ra4 Rc8 30.Rxd4 Qxc2+ 31.Qxc2 Rxc2+ 32.Kg1 Rxb2 33.Ra1 Rb3 
34.Kg2 Rb7 35.Rda4 Ng4 36.Rxa7 Rb2+ 37.Kg1 g6 38.R7a2 Rb3 1/2-1/2